Normal view MARC view

Entry Personal Name

Number of records used in: 1

001 - CONTROL NUMBER

  • control field: 1177170

003 - CONTROL NUMBER IDENTIFIER

  • control field: OSt

005 - DATE AND TIME OF LATEST TRANSACTION

  • control field: 20260324125225.0

008 - FIXED-LENGTH DATA ELEMENTS

  • fixed length control field: 260324|| aca||aabn | a|a d

040 ## - CATALOGING SOURCE

  • Original cataloging agency: OSt
  • Transcribing agency: OSt

100 ## - HEADING--PERSONAL NAME

  • Personal name: Despina A. Stylianou; Maria L. Blanton; Eric J. Knuth

670 ## - SOURCE DATA FOUND

  • Source citation: Work cat.: (OSt)1772227: Despina A. Stylianou; Maria L. Blanton; Eric J. Knuth, Teaching and Learning Proof Across the Grades
Copyright @ Delhi University Library System